Catálogo
 En Linea

Los comediantes / (Registro nro. 34533)

Detalles MARC
000 -CABECERA
campo de control de longitud fija 00785nam a2200229 a 4500
001 - NÚMERO DE CONTROL
campo de control 000035042
005 - FECHA Y HORA DE LA ÚLTIMA TRANSACCIÓN
campo de control 20200930074051.0
008 - DATOS DE LONGITUD FIJA--INFORMACIÓN GENERAL
campo de control de longitud fija 111024s1967 ag 000 0 spa d
040 ## - FUENTE DE LA CATALOGACIÓN
Centro catalogador/agencia de origen DO-SdBNP
Lengua de catalogación spa
Centro/agencia transcriptor BNPHU
049 ## - FONDOS LOCALES (OCLC)
Fondos de biblioteca BNPD
100 1# - ENTRADA PRINCIPAL--NOMBRE DE PERSONA
Nombre de persona Greene, Graham
Fechas asociadas al nombre 1904-1991
9 (RLIN) 11990
240 10 - TÍTULO UNIFORME
Título uniforme The comedians.
Lenguaje de la obra Español
245 14 - MENCIÓN DE TÍTULO
Título Los comediantes /
Mención de responsabilidad, etc. Graham Greene ; traducción de Enrique Carlos Pezzoni.
250 ## - MENCIÓN DE EDICIÓN
Mención de edición 2a ed.
260 ## - PUBLICACIÓN, DISTRIBUCIÓN, ETC.
Lugar de publicación, distribución, etc. Buenos Aires :
Nombre del editor, distribuidor, etc. Editorial Sur,
Fecha de publicación, distribución, etc. 1967.
300 ## - DESCRIPCIÓN FÍSICA
Extensión 352 p. ;
Dimensiones 20 cm.
490 1# - MENCIÓN DE SERIE
Mención de serie Álvaro Restrepo Vélez.
500 ## - NOTA GENERAL
Nota general Traducido del idioma inglés
590 ## - NOTA LOCAL (RLIN)
Nota local Perteneció a la biblioteca personal de Juan Isidro Jimenes Grullón.
700 1# - PUNTO DE ACCESO ADICIONAL--NOMBRE DE PERSONA
Nombre de persona Pezzoni, Enrique,
Fechas asociadas al nombre 1914-1989,
Término indicativo de función/relación tr.
9 (RLIN) 60675
830 #0 - PUNTO DE ACCESO ADICIONAL DE SERIE-TÍTULO UNIFORME
Título uniforme Álvaro Restrepo Vélez.
9 (RLIN) 60676
Existencias
Estado de retiro Estado de pérdida Restricciones de uso No para préstamo Código de colección Localización permanente Ubicación/localización actual Ubicación en estantería Fecha de adquisición Número de inventario Total de préstamos Signatura topográfica completa Código de barras Fecha visto por última vez Precio válido a partir de Tipo de ítem Koha Nota pública
      Excluido de préstamo Monografías: Libros y Folletos General General En catalogación 24.10.2011 LF1   35042-10 25.06.2020 25.06.2020 No se presta Perteneció a la biblioteca personal de Juan Isidro Jimenes Grullón.

Con tecnología Koha